Statistics for Metro Boomin & Future - WE DON'T TRUST YOU (tracklist)

Click here to take the quiz!

General Stats

  • This quiz has been taken 94 times
  • The average score is 11 of 17

Answer Stats

HintAnswer% Correct
6 (ft. Kendrick Lamar)Like That
96%
1We Don't Trust You
96%
4 (ft. Travis Scott & Playboi Carti)Type Shit
93%
9 (ft. Travis Scott)Cinderella
88%
2 (ft. The Weeknd)Young Metro
80%
3Ice Attack
69%
17Where My Twin @
63%
16WTFYM
60%
5Claustrophobic
59%
14GTA
59%
13 (ft. Rick Ross)Everyday Hustle
58%
7Slimed In
52%
11Fried (She a Vibe)
43%
12Ain't No Love
41%
8Magic Don Juan (Princess Diana)
41%
10Runnin Outta Time
41%
15Seen It All
36%

Score Distribution

Percentile by Number Answered

Percent of People with Each Score

Your Score History

You have not taken this quiz